000 00228nam a22000857a 4500
008 161206b xxu||||| |||| 00| 0 eng d
100 _91817
_aMenovshchikov. G
245 _aThe Singing Rabbit
260 _aMoscow
_bRadyea Publisher
_c1982
999 _c4559
_d4559